000 00985ngm a22003130a 4500
001 PT16043
003 AR-LpoUNG
005 20210201232401.0
007 co ||u|||uuuuu
008 191001s2002||||sp |||||||||||||||||spa d
020 _a8441513686
_c$103.33
040 _aAR-LpoUNG
_bspa
_cAR-LpoUNG
_eaacr
041 _aspa
044 _asp
082 0 _a006.66 816bibl
100 1 _aRosenzweig, Gary
245 1 3 _aLa biblia del director 8.5
250 _a1§ edición
260 _aMadrid :
_bAnaya Multimedia,
_cfebrero de 2002.
300 _agráfs., il., tbls.
520 _aLa obra expone una serie de conceptos y técnicas para el uso del Director 8.5, una herramienta de creación de software para realizar animaciones y presentaciones.
650 4 _aDISENO CON AYUDA DE COMPUTADORAS
650 4 _aEDICION
650 4 _aINFORMATICA
650 4 _aPROGRAMAS DE COMPUTADORA
651 4 _aDOCUMENTOS TEORICOS O METODOLOGICOS
905 _a16043
942 _cCDDVD
999 _c53536
_d53536